000 00415nam a22001697a 4500
003 MPLRDC
005 20220104142944.0
008 210129b ||||| |||| 00| 0 eng d
082 _a784.38 HIT c.2
100 _a阿兰. 怀克斯
245 _a希特勒
_c冯作民 译
250 _a五版
260 _a
_b世界文物出版社
_c1983
300 _b
650 _a德国传记
942 _cBK
_o784.38 HIT c.2
999 _c35252
_d35242